00796nam a2200217 a 450000100060000000300090000600800410001502000150005604000280007108200160009910000220011524500480013726000270018530000100021250501620022265000420038465000370042665000510046365000310051465000330054522865CO-ViMGA141112s2004 ck r 000 u spa d a970151193X aCO-ViMGAbspacCO-ViMGA04a005.8 C171f1 aCarballar, José10aFirewall : bLa seguridad de la banda ancha aMéxico : bAlfaomega a341p. aEl riesgo de internet, Que es un firewall, El protocolo de internet, El direccionamiento ip, Los servidores dns, Metodos de ataque, Como funciona un firewall14aFIREWALL ( PROGRAMAS PARA COMPUTADOR)14aINTERNET - MEDIDAS DE SEGURIDAD 14aREDES DE COMPUTADORES - MEDIDAS DE SEGURIDAD 14aSEGURIDAD EN COMPUTADORES 14aSEGURIDADA EN BASE DE DATOS